000
00321nam a2200121Ia 4500
005
20251222142021.0
008
251222s9999||||xx |||||||||||||| ||spa||
082
_a
335.412/K18
100
_a
Kalecki, Michael
245
0
_a
El Desarrollo de la EconomÃa Socialista
264
_b
Fondo de Cultura Económica
942
_c
LIB
999
_c
10665
_d
10665